| 000 | 00509nam a2200229Ia 4500 | ||
|---|---|---|---|
| 008 | 210210b2017 xxu||||| |||| 00| 0 eng d | ||
| 020 | _a9788173193132 | ||
| 041 | _aeng | ||
| 082 | _a512 LUTA | ||
| 100 | _aLUTHAR (I S) | ||
| 245 | _aAlgebra: rings Vol 2 | ||
| 260 |
_aNew Delhi _bNarosa Publishing House _c2017 |
||
| 300 | _ax,339 | ||
| 440 | _a2 | ||
| 650 | _aVol | ||
| 650 | _arings | ||
| 650 | _aAlgebra: | ||
| 650 | _a2 | ||
| 690 | _aAlgebra | ||
| 700 | _aPASSI (I B S) | ||
| 906 | _a073009 | ||
| 999 |
_c122806 _d122806 |
||